| 000 | 01089cam a22002893a 4500 | ||
|---|---|---|---|
| 001 | 31431 | ||
| 003 | PGUSA | ||
| 005 | 20140828083659.0 | ||
| 008 | 100227s2010||||xxu|||||s|||||000 | eng d | ||
| 040 |
_aPGUSA _beng |
||
| 042 | _adc | ||
| 050 | 4 | _aPZ | |
| 100 | 1 |
_aPerrault, Charles, _d1628-1703 |
|
| 245 | 1 | 0 |
_aOld-Time Stories _h[electronic resource] / _cCharles Perrault |
| 260 |
_bProject Gutenberg, _c2010 |
||
| 505 | 0 | _aThe sleeping beauty in the wood -- Puss in boots -- Little Tom Thumb -- The fairies -- Ricky of the tuft -- Cinderella -- Little Red Riding Hood -- Blue Beard -- Beauty and the beast -- The friendly frog -- Princess Rosette. | |
| 506 | _aPublic domain in the USA. | ||
| 516 | _aElectronic text | ||
| 653 | _aFairy tales -- France | ||
| 653 | _aFairy tales | ||
| 653 | _aChildren's stories, French -- Translations into English | ||
| 700 | 1 |
_aRobinson, W. Heath _q(William Heath), _d1872-1944 |
|
| 700 | 1 |
_aJohnson, A. E. _q(Alfred Edwin), _d1879- |
|
| 830 | 0 |
_aProject Gutenberg _v31431 |
|
| 856 | 4 | 0 | _uhttp://www.gutenberg.org/ebooks/31431 |
| 942 | _cEB | ||
| 999 |
_c260686 _d260686 |
||